Normal view
MARC view
- Speech and audio signals Processing
Entry Topical Term
001 - CONTROL NUMBER
- control field: 125848
003 - CONTROL NUMBER IDENTIFIER
- control field: NUST
005 - DATE AND TIME OF LATEST TRANSACTION
- control field: 20240912151612.0
008 - FIXED-LENGTH DATA ELEMENTS
- fixed length control field: 240912|| aca||aabn | a|a d
040 ## - CATALOGING SOURCE
- Original cataloging agency: NUST
- Transcribing agency: NUST
150 ## - HEADING--TOPICAL TERM
- Topical term or geographic name entry element: Speech and audio signals Processing
670 ## - SOURCE DATA FOUND
- Source citation: Work cat.: (NUST): Ben Gold 125847, Speech and audio signals Processing , 2000.
